LEADER 02525nas 2200661-a 450 001 9910139174503321 005 20260218112146.0 011 $a2102-5924 035 $a(DE-599)ZDB2529689-9 035 $a(CKB)960238524135 035 $a(CONSER)---63032304- 035 $a(DE-599)2529689-9 035 $a(EXLCZ)99960238524135 100 $a20771005a19619999 --- b 101 0 $afre 181 $ctxt$2rdacontent 182 $cc$2rdamedia 183 $acr$2rdacarrier 200 10$aCommunications /$fEcole pratique des hautes études, Centre d'études des communications de masse 210 $aParis $cSeuil$d[1961]- 215 $a1 online resource 300 $aRefereed/Peer-reviewed 300 $aBeginning with <14>, each vol. has also individual title. 311 08$aPrint version: 0588-8018 (DLC) 63032304 (OCoLC)3319819 531 0 $aCommunications 606 $aCommunication$vPeriodicals 606 $aMass media$vPeriodicals 606 $aCommunication$vPériodiques 606 $aMédias$vPériodiques 606 $aCommunication$2fast$3(OCoLC)fst00869952 606 $aMass media$2fast$3(OCoLC)fst01011219 606 $aBeeldcultuur$2gtt 606 $aLiteratuurkritiek$2gtt 606 $aCommunication$vPeriodicals$2nli 606 $aMass media$vPeriodicals$2nli 608 $aPeriodicals.$2fast 608 $aPeriodicals.$2lcgft 615 0$aCommunication 615 0$aMass media 615 6$aCommunication 615 6$aMédias 615 7$aCommunication. 615 7$aMass media. 615 17$aBeeldcultuur. 615 17$aLiteratuurkritiek. 615 7$aCommunication 615 7$aMass media 676 $a384 712 02$aE?cole pratique des hautes e?tudes (France).$bCentre d'e?tudes des communications de masse. 712 02$aE?cole pratique des hautes e?tudes (France).$bCentre d'e?tudes transdisciplinaires (Sociologie, anthropologie, se?miologie). 712 02$aE?cole des hautes e?tudes en sciences sociales.$bCentre d'e?tudes transdisciplinaires (Sociologie, anthropologie, se?miologie). 712 02$aE?cole des hautes e?tudes en sciences sociales.$bCentre d'e?tudes transdisciplinaires (Sociologie, anthropologie, politique). 712 02$aE?cole des hautes e?tudes en sciences sociales.$bCentre d'e?tudes transdisciplinaires (Sociologie, anthropologie, histoire). 906 $aJOURNAL 912 $a9910139174503321 920 $aexl_impl conversion 996 $aCommunications$9977405 997 $aUNINA